LEADER 01083nam a2200241 i 4500 001 000000131137 003 CaOOAMICUS 005 20121031112813.0 008 121031s2002 xx m 000 b ita c 040 $aPUG$bita$dPUL 100 1 $aNykiel, Krzysztof Jozef.$0(OLS)http://pul/name/84121 245 13$aLa natura della potestà della chiesa nella concessione delle indulgenze /$cauctore Krzysztof Jozef Nykiel. 260 $aRoma :$b[s.n.],$c2002. 300 $a200 p.$c24 cm 502 $aTesi di Dottorato--Pontificia Universitas Gregoriana. Facultas Iuris Canonici, 2002. 504 $aBibliografia: pp. 171-196. 710 2 $aPontificia Università Gregoriana.$bFacoltà di diritto canonico.$kTesi.$0(OLS)http://pul/name/81757 850 $aPUL 852 $aPUL$W1$xDP1 Tesi Pon. Univ. Gregoriana$y40$m2002 C 12$j151509$qTesi$B150334$CPULBib$Z2$F150334 $82 941 1 $a16 996 $6245$aLa natura della potestà della chiesa nella concessione delle indulgenze$9(OLS)http://pul/title/165703 996 $6260$aRoma :$b[s.n.]$9(OLS)http://pul/publisher/47958 LEADER 01329nam a2200277 u 4500 001 000000059868 003 CaOOAMICUS 005 20070226120840.0 008 010706s1997 it u000 u fre u 035 $a10896358 040 $aPUL(R)$bita 100 1 $aNimpagaritse, Isaie.$0(OLS)http://pul/name/41141 245 12$aL'action: morale et politique :$bessai sur la philoohie pratique d'Eric Weil /$cauteur Nimpagariste Isaie. 260 $aRoma :$b[s.n.],$c1997. 300 $a140 p. ;$c24 cm 500 $aIn testa al front.: Pontificia Università gregoriana. Facultas philosopfiae 502 $aDissertatio ad Doctoratum--Pontificia Università Gregoriana, 1997. 504 $a"Bibliographie selective: p. 102-130". 600 14$aWeil, Éric,$d1904-1977$xCritica e interpretazione.$0(OLS)http://pul/subject/23219 710 2 $aPontificia Università Gregoriana.$bFacoltà di filosofia.$0(OLS)http://pul/name/40852 850 $aPUL 852 $aPUL$W1$xDP1 Tesi Pon. Univ. Gregoriana$y40$mTH PUG 4421$j78038$nBK-PRI$b $qTesi$B78038$CPULBib$Z2$F78038 $H $81 941 1 $a16 961 $aINV: 83623 996 $6245$aL'action: morale et politique :$bessai sur la philoohie pratique d'Eric Weil$9(OLS)http://pul/title/80102 996 $6260$aRoma :$b[s.n.]$9(OLS)http://pul/publisher/47958